1259 1589 1165 1913 1427 1116 1583 1397 1731 1861 1924 1801 1787 1710 1743 1410 1015 1424 1703 1895 1785 1188 1775 1111 1397 1267 1070 1557 1755 1458 1818 1500 1866 1014 1261 1698 1921 1415 1472 1200 1498 1190 1534 1426 1013 1787 1752 1666 1210 1186 1590 1518 1771 1205 1459 1112 1872 1525 1049 1695 1836 1895 1768 1205 1240 1450 1276 1340 1902 1291 1951 1317 1707 1228 1793 1819 1404 1215 1274 1149 1813 1343 1567 1137 1228 1829 1833 1000 1988 1294 1151 1409 1828 1726 1045 1615 1474 1949 1642 BCNSPRNW ULIB Ver.6.0+V

เปลี่ยนเป็นภาษาไทย

Change to English
 แสดงรายละเอียดบรรณานุกรม
  กลับหน้าหลัก

Brief Record : Get Marc (ISO 2709) : E-mail record : QR code < ปิดหน้าต่าง
LEADER : 00000nam 2200000uu 4500
001    13399127338
003     ULIB
008    200428s2562||||th 000 0 tha d
020    ^a9786169284765
060    ^aWO275^bว671ก
100    ^aวิมลรัตน์ ศรีราช อรลักษณ์ รอดอนันต์ นรุตม์ เรือนอนุกูล และปัณณวิชญ์ เบญจวลีย์มาศ
245    ^aก้าวไกล วิสัญญี 4.0
250    ^aพิมพ์ครั้งที่ 1
260    ^aกรุงเทพฯ :^bธนาเพรส,^c2562
300    ^a498 หน้า^bภาพประกอบ, ตาราง, ภาคผนวก
650    ^aวิสัญญี
945    ^p400^l0^i28196
945    ^p400^l0^i28197
945    ^p400^l0^i28198
999    ^aกัณชพร จุลอักษร
รายการนี้ยังไม่มีแท็ก
คุณยังไม่ได้ล็อกอิน คุณสามารถมีกิจกรรมร่วมกับเว็บไซต์ได้ แต่ต้องล็อกอินก่อน ::
  ล็อกอิน

รายการสื่อสารสนเทศ

ลำดับที่ ประเภท เลขเรียก/บาร์โค้ด สถานที่ สถานะ
1. วิทยาศาสตร์การแพทย์ และสุขภาพ
วิทยาศาสตร์การแพทย์ และสุขภาพ
WO275 ว671ก ฉ.1 
  Barcode: 28196
ห้องสมุดวิทยาเขตนครสวรรค์
►หนังสือทั่วไป:l:General Books
บนชั้น
2. วิทยาศาสตร์การแพทย์ และสุขภาพ
วิทยาศาสตร์การแพทย์ และสุขภาพ
WO275 ว671ก ฉ.2 
  Barcode: 28197
ห้องสมุดวิทยาเขตนครสวรรค์
►หนังสือทั่วไป:l:General Books
บนชั้น
3. วิทยาศาสตร์การแพทย์ และสุขภาพ
วิทยาศาสตร์การแพทย์ และสุขภาพ
WO275 ว671ก ฉ.3 
  Barcode: 28198
ห้องสมุดวิทยาเขตนครสวรรค์
►หนังสือทั่วไป:l:General Books
บนชั้น

รายการใกล้เคียง
    ชื่อเรื่อง [ก้าวไกล วิสัญญี 4.0]

    ผู้แต่ง [วิมลรัตน์ ศรีราช อรลักษณ์ รอดอนันต์ นรุตม์ เรือนอนุกูล และปัณณวิชญ์ เบญจวลีย์มาศ]

    หัวเรื่อง [วิสัญญี]

BibComment


ยังไม่เคยถูกคอมเมนท์

คอมเมนท์ทรัพยากรรายการนี้
  คอมเมนท์: ก้าวไกล วิสัญญี 40


 Copyright 2026. Bcnsprnw @Library